In quale squadra NON ha giocato? - Quiz n°9 - Statistics

Statistiche generali
  • Questo quiz è stato fatto 6 volte
  • Il punteggio medio è 5 su 6
Statistiche sulle risposte
Domanda Risposta % Corretto
Laurent Koscielny Angers
100%
Roque Santa Cruz Milan
100%
Josip Iličić Torino
100%
Éric Cantona Arsenal
67%
Martín Cáceres Fiorentina
67%
Paolo Cannavaro Bari
33%
Nessun quiz corrispondente trovato
Distribuzione punteggi
Percentuale di utenti per punteggio
Percentile per numero di risposta
I tuoi punteggi nel tempo
Non hai fatto questo quiz